The Effect of Financial Innovation on Economic Growth in Transition Countries

Cieľom tohto dokumentu je preskúmať vplyv finančných inovácií na hospodársky rast v 28 krajinách s prechodným obdobím od roku 2004 do roku 2021. Finančné inovácie sú kategorizované na základe štruktúry finančného systému vrátane komerčných bánk, nekomerčných bánk a finančných trhov. Aplikovaním rozd...

Descripción completa

Guardado en:
Detalles Bibliográficos
Autor principal: Luong, Thi Thuy Huong
Otros Autores: Lerskullawat, Attasuda, Laosuthi, Thanarak
Formato: Capítulo de libro
Lenguaje:inglés
Materias:
Etiquetas: Agregar Etiqueta
Sin Etiquetas, Sea el primero en etiquetar este registro!

MARC

LEADER 00000naa a2200000 4500
001 0300309
005 20240513094058.6
041 0 |a eng 
044 |a CZ 
245 1 0 |a The Effect of Financial Innovation on Economic Growth in Transition Countries  |c Thi Thuy Huong Luong, Attasuda Lerskullawat, Thanarak Laosuthi 
520 |a Cieľom tohto dokumentu je preskúmať vplyv finančných inovácií na hospodársky rast v 28 krajinách s prechodným obdobím od roku 2004 do roku 2021. Finančné inovácie sú kategorizované na základe štruktúry finančného systému vrátane komerčných bánk, nekomerčných bánk a finančných trhov. Aplikovaním rozdielového odhadu GMM výskum preukázal významný pozitívny vplyv finančných inovácií v komerčných bankách a nekomerčných bankách na ekonomický rast. 
610 2 0 |a rast hospodársky 
610 2 0 |a inovácia 
610 2 0 |a banky 
610 2 0 |a transformácia 
610 2 0 |a trhy 
100 1 |a Luong, Thi Thuy Huong 
700 1 |a Lerskullawat, Attasuda 
700 1 |a Laosuthi, Thanarak